MARC details
| 000 -LEADER |
| fixed length control field |
01952cam a2200517 a 4500 |
| 001 - CONTROL NUMBER |
| control field |
21452 |
| 003 - CONTROL NUMBER IDENTIFIER |
| control field |
VRT |
| 005 - DATE AND TIME OF LATEST TRANSACTION |
| control field |
20260302123329.0 |
| 008 - FIXED-LENGTH DATA ELEMENTS--GENERAL INFORMATION |
| fixed length control field |
240226s2002 xo a br 000 j slo |
| 015 ## - NATIONAL BIBLIOGRAPHY NUMBER |
| National bibliography number |
SNBA2004/02-00862 |
| 020 ## - INTERNATIONAL STANDARD BOOK NUMBER |
| International Standard Book Number |
8071466875 |
| 035 ## - SYSTEM CONTROL NUMBER |
| System control number |
SNK000405793 |
| 035 ## - SYSTEM CONTROL NUMBER |
| System control number |
urn:nbn:sk:snk-amyf0j |
| 035 ## - SYSTEM CONTROL NUMBER |
| System control number |
urn:nbn:sk:snk-am00cf1k |
| 035 ## - SYSTEM CONTROL NUMBER |
| System control number |
1190D719-FA23-4839-9C66-67BBADF94C11 |
| 039 #9 - LEVEL OF BIBLIOGRAPHIC CONTROL AND CODING DETAIL [OBSOLETE] |
| Level of rules in bibliographic description |
202501211037 |
| Level of effort used to assign nonsubject heading access points |
msnk160 |
| Level of effort used to assign subject headings |
202411051520 |
| Level of effort used to assign classification |
AUTHORITY |
| Level of effort used to assign subject headings |
202406102043 |
| Level of effort used to assign classification |
csnk01 |
| Level of effort used to assign subject headings |
202406102042 |
| Level of effort used to assign classification |
csnk01 |
| 040 ## - CATALOGING SOURCE |
| Original cataloging agency |
SNK |
| Language of cataloging |
slo |
| Transcribing agency |
SNK |
| Description conventions |
AACR2 |
| 041 1# - LANGUAGE CODE |
| Language code of text/sound track or separate title |
slo |
| Language code of original |
fre |
| 044 ## - COUNTRY OF PUBLISHING/PRODUCING ENTITY CODE |
| MARC country code |
xo |
| ISO country code |
SK |
| 072 #7 - SUBJECT CATEGORY CODE |
| Subject category code |
821-93 |
| Subject category code subdivision |
Literatúra pre deti a mládež |
| Source |
konspekt |
| 072 #7 - SUBJECT CATEGORY CODE |
| Subject category code |
821.133.1-3 |
| Subject category code subdivision |
Francúzska próza, francúzsky písaná |
| Source |
konspekt |
| 080 ## - UNIVERSAL DECIMAL CLASSIFICATION NUMBER |
| Universal Decimal Classification number |
821.133.1-32 |
| Edition identifier |
2001 |
| 080 ## - UNIVERSAL DECIMAL CLASSIFICATION NUMBER |
| Universal Decimal Classification number |
821-93 |
| Edition identifier |
1981 |
| 080 ## - UNIVERSAL DECIMAL CLASSIFICATION NUMBER |
| Universal Decimal Classification number |
(0:82-32) |
| Edition identifier |
1981 |
| 100 1# - MAIN ENTRY--PERSONAL NAME |
| Personal name |
Maury, Marie-José, |
| Dates associated with a name |
1931- |
| Relationship |
aut |
| -- |
ill |
| 245 10 - TITLE STATEMENT |
| Title |
Heidi a jej priatelia |
| Statement of responsibility, etc. |
text a ilustrácie Marie-José Maury ; preklad Tatiana Žáryová |
| 250 ## - EDITION STATEMENT |
| Edition statement |
[1.] slov. vyd. |
| 260 ## - PUBLICATION, DISTRIBUTION, ETC. |
| Place of publication, distribution, etc. |
Bratislava |
| Name of publisher, distributor, etc. |
Junior |
| Date of publication, distribution, etc. |
[2002] |
| 300 ## - PHYSICAL DESCRIPTION |
| Extent |
67 s. |
| Other physical details |
fareb. ilustr. |
| Dimensions |
26 cm |
| 500 ## - GENERAL NOTE |
| General note |
Preložené z francúzštiny |
| 655 #7 - INDEX TERM--GENRE/FORM |
| Genre/form data or focus term |
francúzske príbehy |
| Source of term |
SNKPH |
| 655 #7 - INDEX TERM--GENRE/FORM |
| Genre/form data or focus term |
literárne adaptácie |
| Source of term |
SNKPH |
| 655 #7 - INDEX TERM--GENRE/FORM |
| Genre/form data or focus term |
švajčiarske príbehy (nemecky) |
| Source of term |
SNKPH |
| 655 #7 - INDEX TERM--GENRE/FORM |
| Genre/form data or focus term |
literatúra pre deti |
| Source of term |
SNKPH |
| 700 1# - ADDED ENTRY--PERSONAL NAME |
| Personal name |
Žáryová, Tatiana |
| Relationship |
trl |
| 700 1# - ADDED ENTRY--PERSONAL NAME |
| Personal name |
Spyri, Johanna, |
| Dates associated with a name |
1827-1901 |
| Relationship |
ant |
| 700 1# - ADDED ENTRY--PERSONAL NAME |
| Relationship information |
Adaptácia diela: |
| Personal name |
Spyri, Johanna, |
| Dates associated with a name |
1827-1901 |
| Title of a work |
Heidi |
| 942 ## - ADDED ENTRY ELEMENTS (KOHA) |
| Source of classification or shelving scheme |
Dewey Decimal Classification |
| Koha item type |
Krásna literatúra pre deti |
| Suppress in OPAC |
No |
| 949 ## - LOCAL PROCESSING INFORMATION (OCLC) |
| 6 |
3869A00252 |
| a |
bpksh087.5 |
| b |
bpksh53399 |
| 949 ## - LOCAL PROCESSING INFORMATION (OCLC) |
| 6 |
17A0377152 |
| 9 |
P60, <03>, [BOOK], {603} |
| a |
snkSB 66368 |
| b |
snkKSP 3175/2003 |
| s |
6100:20160606 |
| 949 ## - LOCAL PROCESSING INFORMATION (OCLC) |
| 6 |
17A0377153 |
| 9 |
P60, <04>, [BOOK], {604} |
| a |
snkSB 66368 D1 |
| b |
snkKSP 3176/2003 |
| 949 ## - LOCAL PROCESSING INFORMATION (OCLC) |
| 6 |
273K0121019 |
| a |
svkpoC 39969 |
| b |
svkpo458218 |
| 949 ## - LOCAL PROCESSING INFORMATION (OCLC) |
| 6 |
2889324195 |
| a |
savukPV 5562 |